|
|
|
|
| LEADER |
00000nab#a22000007a#4500 |
| 001 |
arbauad043848 |
| 003 |
AR-BaUAD |
| 005 |
20250711113410.0 |
| 008 |
000502|||||||||###||||||b###|0###a|spa|| |
| 040 |
|
|
|a AR-BaUAD
|c AR-BaUAD
|b spa
|
| 245 |
1 |
0 |
|a Musèe d'Ethnographie
|b Genève, Suisse
|
| 300 |
0 |
|
|b cortes, fot., plantas, vistas
|
| 653 |
|
|
|a MUSEOS
|
| 653 |
|
|
|a MUSEOS ETNOGRAFICOS
|
| 653 |
|
|
|a ETNOGRAFIA
|
| 653 |
|
|
|a SUIZA
|
| 653 |
|
|
|a GINEBRA
|
| 653 |
|
|
|a HUNGER-MONNERAT-PETIPIERRE
|
| 653 |
|
|
|a HUNGER, OLAF
|
| 653 |
|
|
|a MONNERAT, NICHOLAS
|
| 653 |
|
|
|a PETIPIERRE, FRANCK
|
| 653 |
|
|
|a PROYECTOS
|
| 653 |
|
|
|a CONCURSOS
|
| 773 |
0 |
|
|t L'ARCH. D'AUJOURD'HUI
|g no. 326 [feb. 2000], p. 34-35
|
| 942 |
|
|
|c ARTI
|
| 952 |
|
|
|0 0
|1 0
|4 0
|7 0
|9 88767
|a AR-BAuAD
|b AR-BAuAD
|d 2025-07-11
|l 0
|p AAQA043848
|r 2025-07-11 11:34:10
|w 2025-07-11
|y ARTI
|
| 990 |
|
|
|a AQ200
|b TD
|
| 998 |
|
|
|a AAQ
|b BIBUN76
|
| 999 |
|
|
|c 68440
|d 68440
|